<?xml version="1.0" encoding="UTF-8"?>
<record
    xmlns:xsi="http://www.w3.org/2001/XMLSchema-instance"
    xsi:schemaLocation="http://www.loc.gov/MARC21/slim http://www.loc.gov/standards/marcxml/schema/MARC21slim.xsd"
    xmlns="http://www.loc.gov/MARC21/slim">

  <leader>00680nam a22001937a 4500</leader>
  <controlfield tag="003">OSt</controlfield>
  <controlfield tag="008">260626b        |||||||| |||| 00| 0 eng d</controlfield>
  <datafield tag="082" ind1=" " ind2=" ">
    <subfield code="a">631.41</subfield>
    <subfield code="b">M39T</subfield>
  </datafield>
  <datafield tag="245" ind1=" " ind2=" ">
    <subfield code="a">Technological advances in enhancing productivity of salt affected soils/ edited by P. Masilamani, K. Arulmozhiselvan and P. Balasubramaniam</subfield>
  </datafield>
  <datafield tag="260" ind1=" " ind2=" ">
    <subfield code="a">Delhi : </subfield>
    <subfield code="b">Today &amp; Tomorrow Printers and Publishers,</subfield>
    <subfield code="c">2020.</subfield>
  </datafield>
  <datafield tag="300" ind1=" " ind2=" ">
    <subfield code="a">516 p.</subfield>
  </datafield>
  <datafield tag="650" ind1=" " ind2=" ">
    <subfield code="a">Technology (Applied Sciences)</subfield>
  </datafield>
  <datafield tag="650" ind1=" " ind2=" ">
    <subfield code="a">Agriculture and related technologies</subfield>
  </datafield>
  <datafield tag="650" ind1=" " ind2=" ">
    <subfield code="a">Saline and Alkaline soils</subfield>
  </datafield>
  <datafield tag="700" ind1=" " ind2=" ">
    <subfield code="a">Masilamani,  P. </subfield>
  </datafield>
  <datafield tag="700" ind1=" " ind2=" ">
    <subfield code="a">Arulmozhiselvan , K. </subfield>
  </datafield>
  <datafield tag="700" ind1=" " ind2=" ">
    <subfield code="a">Balasubramaniam, P. </subfield>
  </datafield>
  <datafield tag="942" ind1=" " ind2=" ">
    <subfield code="2">ddc</subfield>
    <subfield code="c">BK</subfield>
  </datafield>
  <datafield tag="999" ind1=" " ind2=" ">
    <subfield code="c">52355</subfield>
    <subfield code="d">52355</subfield>
  </datafield>
  <datafield tag="952" ind1=" " ind2=" ">
    <subfield code="0">0</subfield>
    <subfield code="1">0</subfield>
    <subfield code="2">ddc</subfield>
    <subfield code="4">0</subfield>
    <subfield code="7">0</subfield>
    <subfield code="a">RAU</subfield>
    <subfield code="b">RAU</subfield>
    <subfield code="c">GEN</subfield>
    <subfield code="d">2026-06-26</subfield>
    <subfield code="e">Today &amp; Tomorrow Printers and Publishers </subfield>
    <subfield code="o">631.41 M39T</subfield>
    <subfield code="p">87584</subfield>
    <subfield code="r">2026-06-26</subfield>
    <subfield code="w">2026-01-29</subfield>
    <subfield code="y">BK</subfield>
    <subfield code="z">Vol. 1</subfield>
    <subfield code="k">Bill No. IN-00449 </subfield>
  </datafield>
  <datafield tag="952" ind1=" " ind2=" ">
    <subfield code="0">0</subfield>
    <subfield code="1">0</subfield>
    <subfield code="2">ddc</subfield>
    <subfield code="4">0</subfield>
    <subfield code="7">0</subfield>
    <subfield code="a">RAU</subfield>
    <subfield code="b">RAU</subfield>
    <subfield code="c">GEN</subfield>
    <subfield code="d">2026-06-26</subfield>
    <subfield code="e">Today &amp; Tomorrow Printers and Publishers </subfield>
    <subfield code="o">631.41 M39T</subfield>
    <subfield code="p">87585</subfield>
    <subfield code="r">2026-06-26</subfield>
    <subfield code="w">2026-01-29</subfield>
    <subfield code="y">BK</subfield>
    <subfield code="z">Vol. 2</subfield>
    <subfield code="k">Bill No. IN-00449 </subfield>
  </datafield>
</record>
